| 000 | 00664nam a2200217Ia 4500 | ||
|---|---|---|---|
| 003 | GCL | ||
| 008 | 140319s9999 xx 000 0 ara d | ||
| 040 |
_aGCL / _cGCL |
||
| 082 | 0 | 4 |
_a709.001 _bد م |
| 100 | 1 | _aحسن صبحى بكرى | |
| 245 | 1 | 0 |
_aمختارات من فن التصوير المصرى القديم / _cحسن صبحى بكرى |
| 700 | 1 | _aحسن صبحى | |
| 700 | 1 | _aديفيز نينا .م | |
| 700 | 1 | _aاحمد احمد يوسف | |
| 260 |
_a[S.N] : _bمؤسسة سجل العرب ، _c1963 |
||
| 300 | _a110 ص | ||
| 490 |
_aالالف كتاب _v0 |
||
| 650 | 0 | 4 | _aالفن |
| 650 | 0 | 4 | _aالفن القديم |
| 942 |
_2ddc _cBK |
||
| 999 |
_c36583 _d36583 |
||